2025-2026 NBA Starting Lineups - Statistics

General Stats
  • This quiz has been taken 284 times
    271 since last reset
  • The average score is 109 of 150
Answer Stats
Hint Position Answer % Correct
Celtics F Jaylen Brown
99%
Celtics G Derrick White
95%
Bulls G Coby White
94%
Knicks C Karl-Anthony Towns
92%
Nuggets C Nikola Jokic
92%
Knicks G Jalen Brunson
91%
Thunder F Jalen Williams
91%
76ers C Joel Embiid
91%
Suns C Mark Williams
91%
Thunder G Shai Gilgeous-Alexander
91%
Timberwolves G Anthony Edwards
90%
Nuggets G Jamal Murray
90%
Kings F Keegan Murray
90%
76ers G Tyrese Maxey
90%
Knicks G Josh Hart
89%
Nets F Michael Porter Jr.
89%
Bucks G Kevin Porter Jr.
88%
Hornets G LaMelo Ball
88%
Warriors G Stephen Curry
88%
Spurs F Harrison Barnes
87%
Lakers G Luka Doncic
87%
Raptor F Scottie Barnes
87%
Spurs C Victor Wembanyama
87%
Nuggets F Aaron Gordon
86%
Rockets G Amen Thompson
86%
Pistons F Ausar Thompson
86%
Pistons G Cade Cunningham
86%
Thunder F Chet Holmgren
86%
Heat G Davion Mitchell
86%
Suns G Devin Booker
86%
Cavaliers G Donovan Mitchell
86%
Warriors C Draymond Green
86%
Pistons C Jalen Duren
86%
Hawks F Jalen Johnson
86%
Jazz G Keyonte George
86%
Wizards G Kyshawn George
86%
Lakers F LeBron James
86%
76ers F Paul George
86%
Celtics G Payton Pritchard
86%
Timberwolves C Rudy Gobert
86%
Hawks G Trae Young
86%
Heat C Bam Adebayo
85%
Nuggets G Cameron Johnson
85%
Cavaliers F Evan Mobley
85%
Bucks F Giannis Antetokounmpo
85%
Clippers G James Harden
85%
Grizzlies G Ja Morant
85%
Knicks F Mikal Bridges
85%
Hornets F Miles Bridges
85%
Bulls C Nikola Vucevic
85%
Lakers G Austin Reaves
84%
Cavaliers C Jarrett Allen
84%
Clippers F Kawhi Leonard
84%
Magic F Paolo Banchero
84%
Cavaliers G Darius Garland
83%
Timberwolves F Julius Randle
83%
Suns G Grayson Allen
82%
Thunder C Isaiah Hartenstein
82%
Rockets F Kevin Durant
82%
Jazz F Lauri Markkanen
82%
Nets C Nic Claxton
82%
Pacers F Pascal Siakam
82%
Pelicans F Zion Williamson
82%
Grizzlies C Jaren Jackson Jr.
81%
Knicks F OG Anunoby
81%
Spurs G Stephon Castle
81%
Mavericks G Cooper Flagg
80%
Magic F Franz Wagner
80%
Heat G Tyler Herro
80%
Raptors G Brandon Ingram
79%
Lakers C Deandre Ayton
79%
Timberwolves F Jaden McDaniels
79%
Warriors F Jimmy Butler III
79%
Bulls G Josh Giddey
79%
Spurs G De'Aaron Fox
78%
Kings F DeMar DeRozan
78%
Thunder G Luguentz Dort
78%
76ers G VJ Edgecombe
78%
Kings G Zach LaVine
78%
Rockets C Alpren Sengun
77%
Mavericks F Anthony Davis
77%
Kings C Domantas Sabonis
77%
Clippers C Ivica Zubac
77%
Nets G Cam Thomas
76%
Nuggets F Christian Braun
75%
Magic G Desmond Bane
74%
Suns F Dillon Brooks
74%
Rockets F Jabari Smith Jr.
74%
Hawks C Kristaps Porzingis
74%
Bucks C Myles Turner
74%
Wizards C Alex Sarr
73%
Pacers G Andrew Nembhard
73%
Trailblazers G Deni Avdija
73%
Celtics C Neemias Queta
73%
Lakers F Rui Hachimura
73%
Hawks G Dyson Daniels
72%
Hornets F Brandon Miller
71%
Pistons F Tobias Harris
71%
Hornets G Kon Knueppel
70%
Raptors F RJ Barrett
70%
Jazz C Walker Kessler
69%
Wizards G CJ McCollum
68%
Raptors C Jakob Poeltl
68%
Magic G Jalen Suggs
68%
Pelicans F Herbert Jones
67%
Raptors G Immanuel Quickley
66%
Spurs F Devin Vassell
65%
Magic C Wendell Carter Jr.
65%
Heat F Andrew Wiggins
64%
Kings G Russell Westbrook
64%
Heat F Norman Powell
63%
Mavericks C Daniel Gafford
62%
Trailblazers C Donovan Clingan
62%
Timberwolves G Donte DiVincenzo
62%
76ers F Kelly Oubre Jr.
61%
Bulls F Matas Buzelis
61%
Mavericks F P.J. Washington
61%
Trailblazers G Shaeden Sharpe
61%
Wizards F Khris Middleton
59%
Pelicans G Trey Murphy III
58%
Pacers F Bennedict Mathurin
57%
Pistons G Duncan Robinson
57%
Pacers C Jay Huff
57%
Bucks F Kyler Kuzma
57%
Pelicans C Derik Queen
55%
Bucks G Ryan Rollins
55%
Trailblazers F Toumani Camara
54%
Trailblazers F Jerami Grant
53%
Rockets G Reed Sheppard
53%
Pacers G Ben Sheppard
52%
Cavaliers F De'Andre Hunter
52%
Hawks F Zaccharie Risacher
52%
Warriors F Buddy Hield
51%
Jazz G Ace Bailey
50%
Celtics F Jordan Walsh
50%
Pelicans G Jeremiah Fears
49%
Clippers F John Collins
49%
Clippers G Kris Dunn
48%
Grizzlies F Jaylen Wells
46%
Bulls F Isaac Okoro
44%
Hornets C Ryan Kalkbrenner
44%
Wizards F Bilal Coulibaly
42%
Mavericks G D'Angelo Russell
41%
Grizzlies F Santi Aldama
41%
Nets F Noah Clowney
40%
Grizzlies G Cedric Coward
37%
Warriors G Pat Spencer
32%
Nets G Terance Mann
30%
Suns F Royce O'Neale
28%
Jazz F Kyle Filipowski
18%
No matching quizzes found
Score Distribution
Percent of People with Each Score
Percentile by Number Answered
Your Score History
You have not taken this quiz since the last reset